Statistiken für Liedtext - Laura / Prinz Pi (Teil 1)

Klicken Sie hier um das Quiz zu spielen!

Allgemein

  • Dieses Quiz wurde 20 mal gespielt
  • Das Durchschnittsergebnis liegt bei 323 aus 457

Antwortstatistiken

Antwort% Korrekt
da
100%
das
100%
Das
100%
die
100%
Die
100%
du
100%
Du
100%
ich
100%
Ich
100%
ist
100%
Wir
100%
wir
100%
an
88%
bis
88%
bist
88%
dann
88%
Dann
88%
dem
88%
denn
88%
der
88%
Der
88%
dich
88%
Es
88%
für
88%
in
88%
In
88%
mich
88%
so
88%
standest
88%
und
88%
was
88%
wo
88%
Abendlicht
75%
alles
75%
Als
75%
als
75%
also
75%
am
75%
anschrie
75%
anti
75%
Auf
75%
auf
75%
bin
75%
Blau
75%
blauer
75%
Bleib
75%
Dein
75%
Deine
75%
deine
75%
des
75%
dieser
75%
dir
75%
ein
75%
eine
75%
Ende
75%
Farbe
75%
genau
75%
ging
75%
Im
75%
kam
75%
komm
75%
Liebe
75%
Loch
75%
mein
75%
meine
75%
meiner
75%
mir
75%
Morgenröte
75%
nach
75%
Nach
75%
Nacht
75%
nicht
75%
nur
75%
ohne
75%
Seit
75%
selbst
75%
wahr
75%
wahren
75%
war
75%
waren
75%
wart
75%
weg
75%
Wenn
75%
Zu
75%
zu
75%
abends
63%
anschriest
63%
aufs
63%
aus
63%
bald
63%
bleiben
63%
bleibst
63%
Blut
63%
Jetzt
63%
elektrisch
63%
floss
63%
folgt
63%
Fragezeichen
63%
Gefühl
63%
Geruch
63%
hab
63%
hast
63%
Heimat
63%
liebten
63%
linken
63%
Luft
63%
Lügen
63%
macht
63%
Mensch
63%
monochrom
63%
Muttermal
63%
Narben
63%
Pakett
63%
Riss
63%
sagte
63%
sagtest
63%
Schulterblatt
63%
Sind
63%
sind
63%
soll
63%
sowas
63%
Stirn
63%
Streit
63%
Strom
63%
Tagesgelb
63%
Telefon
63%
traurig
63%
Trümmern
63%
uns
63%
unser
63%
verpissen
63%
von
63%
warfst
63%
warst
63%
wegschoss
63%
Welt
63%
werden
63%
Zeitlupe
63%
zersprang
63%
zugleich
63%
acht
50%
allein
50%
älter
50%
anblitzt
50%
andere
50%
Ansicht
50%
Art
50%
Bei
50%
beide
50%
Blickwinkel
50%
deines
50%
doch
50%
dumm
50%
ganz
50%
ganze
50%
Grade
50%
großes
50%
hatten
50%
Hörst
50%
Jahre
50%
jung
50%
kälter
50%
kann
50%
Laptops
50%
mal
50%
mehr
50%
mit
50%
paar
50%
scharfes
50%
Schläfe
50%
Schreien
50%
sicher
50%
Spielplatz
50%
süchtig
50%
trennten
50%
unsere
50%
viel
50%
vier
50%
einzigen
38%
erduldet
38%
kennenlernten
38%
Macken
38%
Vaters
38%
verziehen
38%
Weinen
38%
200
25%
AmEx
25%
Anabol
25%
Autobahn
25%
diesem
25%
entglitten
25%
Geld
25%
half
25%
halten
25%
Helfer
25%
ihre
25%
irgendwie
25%
kleiner
25%
Kokon
25%
Melodram
25%
nächtlichen
25%
Nase
25%
psychischen
25%
schlafende
25%
schwarzen
25%
Stadt
25%
Stolz
25%
Tempo
25%
um
25%
voll
25%
Vom
25%
Wenigschläfer
25%
wollte
25%
Zeugen
25%
Zwei
25%
zwei
25%
Denken
13%
Ego
13%
Egomanen
13%
Einsamkeit
13%
Fluch
13%
fürs
13%
Futter
13%
gekauft
13%
Gemeinsame
13%
gezogen
13%
klappen
13%
Lichtern
13%
Raten
13%
Schwäche
13%
Streifen
13%
Tod
13%

Verteilung der Resultate

Perzentil nach korrekt beantworteten Fragen

Anzahl Personen mit jedem Resultat

Ihre Resultats-Entwicklung

Sie haben dieses Quiz noch nicht gespielt